10 państw z najwyższymi szczytami. - Statystyki

Ogólne statystyki
  • Ten quiz został rozwiązany 47 razy
  • Średni wynik to 9 z 10
Statystyki odpowiedzi
Miejsce Kontynent Nazwa Wysokość (m) Kraj % Poprawnych
1 Azja Mount Everest 8848 Chiny
100%
1 Azja Mount Everest 8848 Nepal
98%
4 Azja Kanczendzonga 8586 Indie
93%
10 Ameryka Południowa Aconcagua 6961 Argentyna
89%
3 Azja K2 8611 Pakistan
89%
9 Azja Chan Tengri 7010 Kazachstan
84%
6 Azja Szczyt Ismaila Samaniego 7495 Tadżykistan
84%
7 Azja Noszak 7492 Afganistan
80%
5 Azja Gangkhar Puensum 7570 Bhutan
80%
8 Azja Dżengisz Czokusu 7439 Kirgistan
76%
Nie znaleziono quizów pasujących do podanych kryteriów
Rozkład punktacji
Procent ludzi z każdym wynikiem
Percentyl według liczby udzielonych odpowiedzi
Twoja historia wyników
Nie rozwiązałeś tego quizu